000 00580nam a2200181Ia 4500
008 151018s9999 xx 000 0 und d
082 _bRBASDV4969
_a891.461
100 _aय कृ चिखलीकर
245 _aसात चिमणी गिते
250 _b1
260 _bशरदचंद्र टोंगो
_c1960
300 _a8
600 _aय कृ चिखलीकर
630 _aसात चिमणी गिते
700 _aय कृ चिखलीकर
730 _aसात चिमणी गिते
942 _cBOOK
999 _c1007353
_d1007350